Physics, the excitement of discovery / (Record no. 8760)
[ view plain ]
| 000 -LEADER | |
|---|---|
| fixed length control field | 00700pam a2200253 a 4500 |
| 001 - CONTROL NUMBER | |
| JCCL Control Number | 8760 |
| 003 - CONTROL NUMBER IDENTIFIER | |
| JCCL marc code | BD-JhCC |
| 005 - DATE AND TIME OF LATEST TRANSACTION | |
| control field | 20180303192128.0 |
| 008 - FIXED-LENGTH DATA ELEMENTS--GENERAL INFORMATION | |
| fixed length control field | 821227s1983 caua 001 0 eng |
| 020 ## - INTERNATIONAL STANDARD BOOK NUMBER | |
| International Standard Book Number | 0534012604 |
| 035 ## - SYSTEM CONTROL NUMBER | |
| system control number | (BD-JhCC)8760 |
| 040 ## - CATALOGING SOURCE | |
| Original cataloging agency | DLC |
| Transcribing agency | DLC |
| Modifying agency | DLC |
| -- | BD-JhCC |
| 041 ## - LANGUAGE CODE | |
| Language code of Book | eng |
| 050 00 - LIBRARY OF CONGRESS CALL NUMBER | |
| Classification number | QC23 |
| Item number | .G793 1983 |
| 082 00 - DEWEY DECIMAL CLASSIFICATION NUMBER | |
| Classification number | 530 |
| DDC Edition number | 19 |
| Author mark and Year | GRE 1983 |
| 100 1# - MAIN ENTRY--PERSONAL NAME | |
| Personal name | Greenwood, Margaret Stautberg. |
| 245 10 - TITLE STATEMENT | |
| Title | Physics, the excitement of discovery / |
| Statement of responsibility, etc | Margaret Stautberg Greenwood. |
| 260 ## - PUBLICATION, DISTRIBUTION, ETC. (IMPRINT) | |
| Place of publication, distribution, etc | Belmont, Calif. : |
| Name of publisher, distributor, etc | Wadsworth Pub. Co., |
| Date of publication, distribution, etc | c1983. |
| 300 ## - PHYSICAL DESCRIPTION | |
| Pagination | xvi, 494 p. : |
| Other physical details | ill. ; |
| Dimensions | 25 cm. |
| 500 ## - GENERAL NOTE | |
| General note | Includes index. |
| 650 #0 - SUBJECT ADDED ENTRY--TOPICAL TERM | |
| Topical term or geographic name as entry element | Physics. |
| 942 ## - ADDED ENTRY ELEMENTS (KOHA) | |
| Source of classification or shelving scheme | Dewey Decimal Classification |
| Koha item type | Books |
| Source of classification or shelving scheme | Damaged status | Not for loan | Home library | Current library | Shelving location | Date of accession | Total Checkouts | Full call number | Barcode | Date last seen | Date checked out | Copy number | Koha item type |
|---|---|---|---|---|---|---|---|---|---|---|---|---|---|
| Dewey Decimal Classification | JCC Rouf Library | JCC Rouf Library | General Stacks | 09/30/2024 | 1 | 530 GRE 1983 | 11611 | 10/21/2024 | 09/30/2024 | C - 1 | Books |